Železnice posilňujú vlaky na východ do košíc pôjde z Bratislavy pred sviatkami mimoriadny rýchlik aj vlaky doplnené o viac vozňov

Bibliographic Details
Main Author: (fer) (Author)
Format: Article
Language:Slovak
PhysicalDescription:Fotografie
ISSN:1339-7605
Subjects:
Online Access:https://kosicednes.sk/udalosti/zeleznice-posilnuju-vlaky-na-vychod/

MARC

LEADER 00000nab a2200000u 4500
001 vtls011830993
003 SK-MaSNL
005 20260304195508.0
008 181219|20181218xo ||||||| ||00 ||slo|
038 |a KEVKJB 
040 |a KEVKJB  |b slo  |e rda 
041 0 |a slo 
043 |a e-xo--- 
044 |a xo  |c SK 
072 7 |a 656.2  |x Železničná doprava  |2 konspekt 
080 |a 656.2  |2 2011 
100 1 |a (fer)  |4 aut  |9 877904 
245 1 0 |a Železnice posilňujú vlaky na východ  |b do košíc pôjde z Bratislavy pred sviatkami mimoriadny rýchlik aj vlaky doplnené o viac vozňov  |c [autor] (FER) 
300 |b Fotografie 
336 |a text  |b txt  |2 rdacontent 
337 |a bez média  |b n  |2 rdamedia 
338 |a zväzok  |b nc  |2 rdacarrier 
650 0 7 |a železničná doprava  |2 kevkjb  |9 3185 
650 0 7 |a Vianoce  |2 kevkjb  |9 3412 
651 7 |a Košice (Slovensko)  |2 kevkjb  |9 18694 
773 0 |t KOŠICE:DNES  |g Roč. 5, č. 243 (18.12.2018), s. 6  |x 1339-7605 
852 |a KEVKJB  |b KIS3GCP 
856 4 1 |u https://kosicednes.sk/udalosti/zeleznice-posilnuju-vlaky-na-vychod/ 
999 |c 3081813  |d 3083743